000 01044nam a2200301Ia 4500
001 Para_9325
003 CHAP
008 220125s2007 xx 000 0 und d
010 _a207928
040 _cCHAP
090 _aTESIS 2080
100 _aZárate Jiménez, Frigma Manuel
_9124113
245 _aIncidencia de la escama blanca del mango (Aulacaspis tubercularis Newstead, 1906) en la región de San Blas, Nayarit, México /
_c por Frigma Manuel Zaráte Jiménez
260 _aChapingo, Méx. :
_b el autor
300 _a73 h.
502 _aTesis (Ing. Agr. Esp. en Parasitología Agrícola) -- UACh. Departamento Parasitología Agrícola
650 _aAulacaspis tubercularis
_9174385
650 _aMango
_x enfermedades
_970410
650 _aMango
_x plagas
_970443
710 _aUACh. Departamento Parasitología Agrícola
_9164025
901 _aTESIS 2080
902 _aM
905 _a0000002007 amn 0000000000 00
910 _a2007
942 _cPARA
942 _cPARA
_d2
999 _c207928
_d207928